000 00585nam a22001457a 4500
020 _a0-439-99652-X
082 _a823
_bAPP/H
100 _aAPPLEGATE, K A
245 _aTHE HORK-BAJIR CHRONICLES
260 _aLONDON
_bSCHOLASTIC CHILDREN'S BOOK
_c2000
300 _a214
520 _a In the Earth year 1968, Aldrea and her family come to live on the Hork-Bajir homeworld after her father – formerly Prince – Seerow, is relieved of duty by Alloran and many other Andalites in 1966, who feel he is no longer fit to command them.
650 _aADVENTURE
_zUNITED KINGDOM
942 _cBK
999 _c5957
_d5957